Линейная оптимизация и системы линейных неравенств: учебное пособие

書誌詳細
第一著者: Еремин И. И. Иван Иванович
要約:В учебном пособии систематически изложены теория и методы линейной оптимизации, в частности линейное программирование с одним и многими критериями. В качестве базовой части представленного материала взята теория линейных неравенств, а также теория двойственности. Рассмотрены следующие виды задач линейного программирования: противоречивые, последовательные (лексикографические), дизъюнктивного программирования и др. Для студентов вузов, обучающихся по специальностям «Математика», «Прикладная математика и информатика», «Математические методы в экономике». Может быть полезно специалистам в области оптимизации, исследования операций и экономико-математических приложений.
言語:ロシア語
出版事項: Москва, Академия, 2007
シリーズ:Университетский учебник
Прикладная математика и информатика
主題:
フォーマット: 図書
KOHA link:https://koha.lib.tpu.ru/cgi-bin/koha/opac-detail.pl?biblionumber=115198

MARC

LEADER 00000nam0a2200000 4500
001 115198
005 20231031122513.0
010 |a 9785769529634 
035 |a (RuTPU)RU\TPU\book\124590 
090 |a 115198 
100 |a 20070504d2007 m y0rusy50 ca 
101 0 |a rus 
102 |a RU 
105 |a a j 001zy 
200 1 |a Линейная оптимизация и системы линейных неравенств   |e учебное пособие  |f И. И. Еремин 
210 |a Москва  |c Академия  |d 2007 
215 |a 250 с.  |c ил. 
225 1 |a Университетский учебник 
225 1 |a Прикладная математика и информатика 
320 |a Библиогр.: с. 237-241. 
320 |a Обозначения и сокращения: с. 242-243. 
320 |a Предметный указатель: с. 244-245. 
330 |a В учебном пособии систематически изложены теория и методы линейной оптимизации, в частности линейное программирование с одним и многими критериями. В качестве базовой части представленного материала взята теория линейных неравенств, а также теория двойственности. Рассмотрены следующие виды задач линейного программирования: противоречивые, последовательные (лексикографические), дизъюнктивного программирования и др. Для студентов вузов, обучающихся по специальностям «Математика», «Прикладная математика и информатика», «Математические методы в экономике». Может быть полезно специалистам в области оптимизации, исследования операций и экономико-математических приложений. 
610 1 |a линейная оптимизация 
610 1 |a системы линейных неравенств 
610 1 |a линейное программирование 
610 1 |a фейеровские методы 
610 1 |a противоречивые задачи 
610 1 |a двойственность 
610 1 |a устойчивость 
610 1 |a корректность 
610 1 |a кусочно-линейные функции 
610 1 |a дизъюнктивное программирование 
675 |a 519.852(075.8)  |v 3 
700 1 |a Еремин  |b И. И.  |g Иван Иванович 
801 1 |a RU  |b 63413507  |c 20070504  |g PSBO 
801 2 |a RU  |b 63413507  |c 20191216  |g PSBO 
900 |a Математика 
942 |c BK 
952 |b 010100  |b 010101  |b 010200  |b 010500  |b 010501  |b 080116 
959 |a 37/20070503  |d 2  |e 269,50  |f АНЛ:1  |f ЧЗТЛ:1 
959 |a 20/20100322  |d 2  |e 310,20  |f УФ:2